Asset management for landlords in the current economic climate (Record no. 80920)

MARC details
000 -LEADER
fixed length control field 00972cad a22001935a 4500
001 - CONTROL NUMBER
control field L145686
008 - FIXED-LENGTH DATA ELEMENTS--GENERAL INFORMATION
fixed length control field 081030e2008 xxk 000 0 eng d
035 ## - SYSTEM CONTROL NUMBER
System control number (Sirsi) u145686
041 0# - LANGUAGE CODE
Language code of text/sound track or separate title eng
100 1# - MAIN ENTRY--PERSONAL NAME
Personal name Kitchingham, Rebecca
245 00 - TITLE STATEMENT
Title Asset management for landlords in the current economic climate
Medium [electronic resource]
260 ## - PUBLICATION, DISTRIBUTION, ETC.
Place of publication, distribution, etc. [S.l.]
Name of publisher, distributor, etc. Mondaq
Date of publication, distribution, etc. 2008
520 ## - SUMMARY, ETC.
Summary, etc. Describes how asset managers and lawyers can deliver maximum value by streamlining the letting process and by minimising the damage on tenant default and insolvency, thereby securing rental income to offset falls in capital value. Concludes that lawyers need to be talking to landlords about these sorts of practical matters now.
590 ## - LOCAL NOTE (RLIN)
Local note KA
651 #4 - SUBJECT ADDED ENTRY--GEOGRAPHIC NAME
Geographic name United Kingdom
Chronological subdivision
690 ## - LOCAL SUBJECT ADDED ENTRY--TOPICAL TERM (OCLC, RLIN)
Topical term or geographic name as entry element PROPERTY-LEASEHOLD PROPERTY-LANDLORD AND TENANT
856 40 - ELECTRONIC LOCATION AND ACCESS
Uniform Resource Identifier <a href="https://www.mondaq.com/article.asp?articleid=66374&rss=17/">https://www.mondaq.com/article.asp?articleid=66374&rss=17/</a>
Public note View this article (after registration) at www.mondaq.com...
942 ## - ADDED ENTRY ELEMENTS (KOHA)
Suppress in OPAC 0
Holdings
Withdrawn status Lost status Source of classification or shelving scheme Damaged status Not for loan Home library Current library Shelving location Date acquired Total Checkouts Full call number Barcode Date last seen Copy number Price effective from Koha item type
    Dewey Decimal Classification     Virtual Virtual Online 30/10/2008   ONLINE PUBLICATION 145686-1001 06/08/2019 1 06/08/2019 Journal article